How to become a project management professional (Record no. 80836)

MARC details
000 -LEADER
fixed length control field 00875cab a22001935a 4500
001 - CONTROL NUMBER
control field L145492
008 - FIXED-LENGTH DATA ELEMENTS--GENERAL INFORMATION
fixed length control field 081015e20081010xxka f 000 0 eng d
035 ## - SYSTEM CONTROL NUMBER
System control number (Sirsi) u145492
041 0# - LANGUAGE CODE
Language code of text/sound track or separate title eng
100 1# - MAIN ENTRY--PERSONAL NAME
Personal name Ward, J. LeRoy
245 00 - TITLE STATEMENT
Title How to become a project management professional
Remainder of title a blueprint
260 ## - PUBLICATION, DISTRIBUTION, ETC.
Date of publication, distribution, etc. 2008
490 #0 - SERIES STATEMENT
Series statement Project
Volume/sequential designation 21 (1) October 2008, 29-31 (3)
520 ## - SUMMARY, ETC.
Summary, etc. Examines the complete path to become a project management professional. Provides specific counsels and tips at each stage of the process. Divides the route in four stages: the first job; task leader to senior task leader; project manager to senior project manager; programme management to the executive ranks. Describes the skills to acquire and the gives advice on certification.
590 ## - LOCAL NOTE (RLIN)
Local note KA
651 #4 - SUBJECT ADDED ENTRY--GEOGRAPHIC NAME
Geographic name United Kingdom
Chronological subdivision
690 ## - LOCAL SUBJECT ADDED ENTRY--TOPICAL TERM (OCLC, RLIN)
Topical term or geographic name as entry element Project management
9 (RLIN) 6261
942 ## - ADDED ENTRY ELEMENTS (KOHA)
Suppress in OPAC 0
Holdings
Withdrawn status Lost status Source of classification or shelving scheme Damaged status Not for loan Home library Current library Shelving location Date acquired Total Checkouts Full call number Barcode Date last seen Copy number Price effective from Koha item type
    Dewey Decimal Classification     London London Journal article 15/10/2008   L145492 145492-1001 06/08/2019 1 06/08/2019 Journal article